000
00311nam a2200145Ia 4500
100
_a
Uyemura/John P
942
_c
BK
366
_f
15
654
_a
vlsi
245
_a
Introduction to VLSI circuits and systems
260
_b
John Wiley
_c
2002
082
_a
621.395
_b
UYE
300
_a
642
546
_a
ENGLISH
999
_c
34518
_d
34518